ا المحرم :Muharram / (Record no. 82518)
[ view plain ]
| 000 -LEADER | |
|---|---|
| fixed length control field | 00590nam a2200205 a 4500 |
| 001 - CONTROL NUMBER | |
| control field | 82518 |
| 003 - CONTROL NUMBER IDENTIFIER | |
| rucl marc code | BD-RjUL |
| 005 - DATE AND TIME OF LATEST TRANSACTION | |
| control field | 20231221135426.0 |
| 008 - FIXED-LENGTH DATA ELEMENTS--GENERAL INFORMATION | |
| fixed length control field | 180717s1978 sy 000 0 ara d |
| 035 ## - SYSTEM CONTROL NUMBER | |
| System control number | (BD-RjUL)82518 |
| 040 ## - CATALOGING SOURCE | |
| Original cataloging agency | TAU |
| Language of cataloging | eng |
| Transcribing agency | BD-RjUL |
| 041 0# - LANGUAGE CODE | |
| Language code of text/sound track or separate title | ara |
| 082 ## - DEWEY DECIMAL CLASSIFICATION NUMBER | |
| Edition number | 23 |
| Classification number | 892.75 |
| Author mark and year | ABM 1978 |
| 100 ## - MAIN ENTRY--PERSONAL NAME | |
| Personal name | Abdul Gafur |
| 9 (RLIN) | 10651 |
| 245 12 - TITLE STATEMENT | |
| Title | ا المحرم :Muharram / |
| Remainder of title | |
| Statement of responsibility, etc. | عبد الغفور ;; abdul Gafur |
| 260 ## - PUBLICATION, DISTRIBUTION, ETC. (IMPRINT) | |
| Place of publication, distribution, etc. | [دمشق] : |
| Name of publisher, distributor, etc. | [لم يذكر اسم الناشر]، |
| Date of publication, distribution, etc. | ١٩٧٨ |
| 300 ## - PHYSICAL DESCRIPTION | |
| Pagination | 572 p.; ص |
| Size | 23 cm |
| 650 ## - SUBJECT ADDED ENTRY--TOPICAL TERM | |
| Topical term or geographic name as entry element | Arabic |
| General subdivision | Grammar |
| 9 (RLIN) | 10653 |
| 942 ## - ADDED ENTRY ELEMENTS (KOHA) | |
| Source of classification or shelving scheme | Dewey Decimal Classification |
| Koha item type | Books |
| Lost status | Source of classification or shelving scheme | Damaged status | Not for loan | Collection code | Permanent Location | Current Location | Shelving location | Date acquired | Source of acquisition | Cost, normal purchase price | Full call number | Date last seen | Copy number | Koha item type |
|---|---|---|---|---|---|---|---|---|---|---|---|---|---|---|
| Dewey Decimal Classification | Not For Loan | Non-fiction | Central Library, University of Rajshahi | Central Library, University of Rajshahi | Reading Room | 18/10/1973 | Quran manjil, Rajshahi | 10.00 | A 892.75 ABM 1978 | 21/12/2023 | C-1 | Books |